[Event "Gardabaer-ch"]
[Site "Gardabaer"]
[Date "2017.11.10"]
[Round "6"]
[White "Birkisson, Bjorn Holm"]
[Black "Tamasan, Dorin"]
[Result "1-0"]
[WhiteElo "2023"]
[BlackElo "1725"]
[PlyCount "63"]
[EventDate "2017.10.13"]
[EventType "swiss"]
[EventRounds "7"]
[EventCountry "ISL"]
[SourceTitle "CBM 181 Extra"]
[Source "ChessBase"]
[SourceDate "2017.12.12"]
[SourceVersion "1"]
[SourceVersionDate "2017.12.12"]
[SourceQuality "1"]

1. g3 Nf6 2. Bg2 e5 3. d3 d5 4. a3 c5 5. Nd2 Nc6 6. c4 d4 7. Ngf3 Bd6 8. b4 cxb4 9. 0-0 0-0 10. axb4 Bxb4 11. Ba3 Qe7 12. Bxb4 Nxb4 13. Ng5 h6 14. Nge4 Nxe4 15. Nxe4 f5 16. c5 Nc6 17. Nd6 Be6 18. Qa4 Rab8 19. Rfb1 g5 20. Rb2 a6 21. Rab1 Nd8 22. Nxb7 Nxb7 23. Rxb7 Rxb7 24. Rxb7 Qxc5 25. Qxa6 Qc1+ 26. Bf1 Qc8 27. Qb6 Qe8 28. Qd6 Rf7 29. Rb8 Bc8 30. Qg6+ Kf8 31. Qxh6+ Rg7 32. Qh8+ 1-0